History Quiz

Random History or Nation Quiz
Score 0/15 Timer 03:00
0 Plays Today
% Correct
indivisible
88%
republic
84.7%
stripes
81.3%
stands
80.9%
prairies
75.8%
red
67.1%
union
64.2%
free
64.1%
% Correct
sweet
63.7%
white
57.3%
equal
54.3%
government
53.9%
war
53.2%
posterity
51.1%
defense
44.1%
Remove Ads.
Support Sporcle.
Get the best of Sporcle when you Go Orange. This ad-free experience offers more features, more stats, and more fun while also helping to support Sporcle. Thank you for becoming a member.

You're not logged in!

Compare scores with friends on all Sporcle quizzes.
OR
Log In

Show Comments

Extras

Top Quizzes Today


Score Distribution

Your Account Isn't Verified!

In order to create a playlist on Sporcle, you need to verify the email address you used during registration. Go to your Sporcle Settings to finish the process.

Report this User

Report this user for behavior that violates our Community Guidelines.

Details: